Generational Differences in Healthy Lifestyle in Slovakia
Porovnanie životného štýlu generácie X, Y a Z prostredníctvom zberu dát.
Salvato in:
| Autore principale: | |
|---|---|
| Natura: | Capitolo di libro |
| Lingua: | inglese |
| Soggetti: | |
| Tags: |
Nessun Tag, puoi essere il primo ad aggiungerne!!
|
MARC
| LEADER | 00000naa$a2200000$$$4500 | ||
|---|---|---|---|
| 001 | 0259492 | ||
| 005 | 20240502074114.9 | ||
| 041 | 0 | |a eng | |
| 044 | |a SK | ||
| 245 | 1 | 0 | |a Generational Differences in Healthy Lifestyle in Slovakia |c Dana Vokounová |
| 520 | |a Porovnanie životného štýlu generácie X, Y a Z prostredníctvom zberu dát. | ||
| 610 | 2 | 0 | |a generácie |
| 610 | 2 | 0 | |a štýl životný |
| 610 | 2 | 0 | |a výživa |
| 610 | 2 | 0 | |a stresy |
| 610 | 2 | 0 | |a rozdiely generačné |
| 100 | 1 | |a Vokounová, Dana, 1962- | |